Puthiya rubber inangale engane thirichariyam (Record no. 49155)

MARC details
000 -LEADER
fixed length control field 00338nam a2200133Ia 4500
100 ## - MAIN ENTRY--AUTHOR NAME
Personal name Thomas V
245 #0 - TITLE STATEMENT
Title Puthiya rubber inangale engane thirichariyam
260 ## - PUBLICATION, DISTRIBUTION, ETC. (IMPRINT)
Name of publisher Rubber (Malayalam)
Year of publication 2006
300 ## - PHYSICAL DESCRIPTION
Number of Pages 14-Dec
650 ## - SUBJECT ADDED ENTRY--TOPICAL TERM
Topical Term RRII400 series
650 ## - SUBJECT ADDED ENTRY--TOPICAL TERM
Topical Term Rubber clones
942 ## - ADDED ENTRY ELEMENTS (KOHA)
Koha item type Bibliography STAF
Holdings
Withdrawn status Lost status Damaged status Not for loan Home library Current library Shelving location Date acquired Serial Enumeration / chronology Koha item type
      Bibliography RRII Library RRII Library Botany 09/04/2014 Volume 484, Issue July Bibliography STAF